000
00268nam a2200109Ia 4500
008
190914s9999||||xx |||||||||||||| ||und||
100
_a
Doug Newsom
245
0
_a
Public Relations Writing Form & Style
260
_a
India
_b
S. Chand
_c
2008
300
_a
624
942
_c
BK
999
_c
10115
_d
10115